000 01461nam a22003012a 4500
003 DO-SD BPMSU
005 20210415130257.0
006 a|||||r|||| 00| 0d
007 ta
008 210204b 2014 dr 0 spa d
020 _a9789945460575
040 _aBPMSU
_bspa
_cBPMSU
041 _a
082 _a465
_bM971L, 2016
_222
100 1 _aMuñoz, Orlando
_d1972-
245 1 3 _aLa lengua en movimiento :
_b manual de teoría y ejercicios de Lengua Española /
_cOrlando Muñoz
250 _a5a. ed.
260 _aSanto Domingo :
_bBúho,
_c2016
300 _a410, p ;
_c23 cm.
500 _aIncluye datos biográficos del autor en la solapa de la cubierta
504 _aBibliográfica : p.407410
505 0 _aLa comunicación lingüística -- La pragmática lingüística -- La compresión de la lectura -- El estudio de la lengua -- La lengua española en el tiempo -- El español en America y la República Dominicana -- El aspecto oral de la lengua -- El aspecto formal de la lengua -- La sintaxis del español -- Lexicología y semántica del español -- La Expresión escrita -- La ortografía de la lengua española -- Estructura argumentativas y analógicas -- Las figuras lingüísticas del discurso -- Expresiones homófonas y parónimas -- Bibliografía básica.
_8
590 _6Inventariado,2021/VM
650 4 _aEspañol
_xGramática
_vManuales
650 4 _aEspañol
_xEnseñanza
_vManuales
910 _aVMateo
942 _2ddc
_cBK
999 _c13369
_d13369